01009nam a22002537a 4500003000500000008004100005020001800046040000800064041001300072082001300085100003500098245003700133250002700170260005200197300003200249336002700281337003300308338002900341505017700370650002700547942001400574952015000588999001700738BPGM260618e1997 mx bcdog |||| 001 0 spa d a968-7377-20-8 bspa aspahspa042900a032 aROFRIGUEZ M., ADALBERTAeAUTOR aMUNICIPIO DE LANDA DE MATAMOROS  aPRIMERA EDICION b1997 aMEXICObGOBIERNO DEL ESTADO DE QUERETARO c1997 a97 paginas c21 cm x 14 cm  2rdacontentatextobtxt 2rdamediaasin mediaciónbn 2rdacarrieravolumen bnc aEs una monografía que ofrece un panorama histórico, cultural y social de este municipio serrano, destacando su papel dentro de la Sierra Gorda y su riqueza patrimonial. 2GEOGRAFÍA E HISTORIA 2ddccCOLQ 00102ddc40728ESPQaBPCEFCbBPCEFCcSALA QUERÉTARO ACCESO B PLANTA ALTAd2026-06-18eDBG l0o900/032r2026-06-18 20:12:18w2026-06-18yCOLQ c68639d68639